Bleach Characters - Statistics

General Stats
  • This quiz has been taken 3,759 times
  • The average score is 20 of 34
Answer Stats
Hint Answer % Correct
Main character Ichigo
100%
Gives ^ powers Rukia
90%
Fights using armor on arms Chad
87%
Shop owner, former Captain Kisuke
87%
Betrayed Soul Society Aizen
86%
Human, but can heal and form barriers Orihime
86%
Quincy Uryu
85%
Squad 11 Captain Kenpachi
78%
Squad 1 Captain Genryusai
71%
Squad 6 Captain Byakuya
70%
Main characters Zanpakuto Zangetsu
70%
Squad 10 Captain Toshiro
68%
6th Espada Grimmjow
65%
Can transform into a cat Yoruichi
65%
Former 3rd Espada, turned into child Nel
62%
Mod-soul who lives with main character Kon
61%
1st Espada Starrk
61%
4th Espada Ulquiorra
60%
Squad 4 Captain Unohana
60%
Main characters father Isshin
53%
Squad 13 Captain Jushiro
53%
Squad 8 Captain Shunsui
52%
Older sister of ^ Karin
50%
Squad 12 Captain Kurotsuchi
50%
10th Espada (0 as well) Yammy
46%
3rd Espada Halibel
45%
Squad 7 Captain Komamura
42%
2nd Espada Baraggan
41%
Main characters youngest sister Yuzu
40%
5th Espada Nnoitra
36%
8th Espada Szayel
27%
Young girl who works at shop Ururu
26%
9th Espada Aaroniero
20%
7th Espada Leroux
19%
No matching quizzes found
Score Distribution
Percent of People with Each Score
Percentile by Number Answered
Your Score History
You have not taken this quiz